000 00590nam a2200193Ia 4500
005 20250508160148.0
008 008 250505s9999 xx 000 0 eng d
037 _aTextual
040 _aFEDL
_beng
_cFEDL
041 _aeng
_2eng
084 _a371.2, NIG
_qFEDL
100 _aNigam D S
_9761328
245 0 _aDevelopment of individual school improvement plans
260 _aNew Delhi, India
_bNational Council of Educational Research and Training
_c1969
300 _a16p.
650 _aSchool Administration
942 _cTEXL
_h371.2, NIG
999 _c1362326
_d1362326